000 00819nac a22002417a 4500
001 BR7805607
003 BR-BrBNA
005 20241209174835.0
008 230509b bl.|||m| |||| 00| 0 por d
040 _aBR-BrBNA
_bpor
_cBiblioteca Nacional de Agricultura
072 _aC00; E15
090 _aC00 BR7805607
_b2024-8086
110 1 _aEmpresa Brasileira de Assistencia Tecnica e Extensao Rural, Brasilia, DF
_93797
245 1 _aDesempenho 1977 [Empresa Brasileira de Assistencia Tecnica e Extensao Rural]
260 3 _aBrasilia, DF (Brasil):
_c1977.
300 _a40 p.
490 _aRelatorio - Empresa Brasileira de Assistencia Tecnica e Extensao Rural (Brazil)
_vno. 4
500 _a9 tables
650 _aASSISTENCIA TECNICA
650 _aCOOPERATIVISMO
650 _aCREDITO RURAL
942 _2AGRIS
_n0
_cMS
999 _c268471
_d268471